| 000 | 00528nam a2200169Ii 4500 | ||
|---|---|---|---|
| 003 | JO-AjNU | ||
| 008 | 230606s9999||||xx |||||||||||||| ||und|| | ||
| 040 |
_aJO-AjNU _beng _erda _cJO-AjNU |
||
| 041 | _aeng | ||
| 050 | 1 | 4 | _aBE1128.2015 |
| 100 | 3 |
_aBani Abdel-Rahman, Yasmeen Mousa, _eauthor _93713 |
|
| 245 | 0 | 0 | _aWriting For Academic Purposes: Problems Faced by Ajloun National University Students |
| 300 | _a35p | ||
| 336 |
_atext _btxt _2rdacontent |
||
| 337 |
_aunmediated _bn _2rdamedia |
||
| 338 |
_avolume _bnc _2rdacarrier |
||
| 999 |
_aE1937 _c1937 _d1937 |
||